000 00579nam a2200205Ia 4500
003 OSt
005 20240612154415.0
008 210210b1996 xxu||||| |||| 00| 0 eng d
040 _cAL
041 _aKannada
082 _a615.535K KAPA
100 _aKAPANIPATAYYA (N).
_dಕಪನಿಪತಯ್ಯ (ಎನ್)
_9170323
245 _aOil pulling.
_bಆಯಿಲ್ ಪುಲ್ಲಿಂಗ್
260 _aBengaluru
_bSrashti Pablikeshans.
_c1996
300 _a64
650 _aOil Pulling
_9170324
690 _aPharmacology
_9170325
906 _a051519
942 _2ddc
_cBK
999 _c100185
_d100185